[Event "DEM U10 2012"]
[Site "Oberhof GER"]
[Date "2012.05.30"]
[Round "6"]
[White "Mätzkow, Maximilian Paul"]
[Black "Rockmann, Jan-Okke"]
[Result "1-0"]
[Termination "normal"]
[Board "1"]
[WhiteElo "1685"]
[BlackElo "1767"]
[PlyCount "97"]
[WhiteFideId "24679933"]
[BlackFideId "12942111"]
[EventCountry "GER"]
[EventRounds "11"]
[EventType "swiss"]
[EventDate "2012.05.26"]

1. d4 g6 2. e4 Bg7 3. c3 d6 4. g3 Nf6 5. Bg2 O-O 6. Nd2 Nbd7 7. Ngf3 c5 8. O-O
Rb8 9. a4 cxd4 10. Nxd4 Ne5 11. N2b3 Bd7 12. f4 Bg4 13. Qc2 Nc4 14. h3 Bd7 15.
Qe2 Qc8 16. Kh2 Nb6 17. e5 dxe5 18. fxe5 Ne8 19. Bg5 f6 20. exf6 exf6 21. Bf4
Nc7 22. a5 Re8 23. Qd3 Nba8 24. Rae1 Rd8 25. Qc4+ Kh8 26. Re7 b5 27. Qf7 Rg8
28. Rxd7 Ne8 29. Bxb8 Qxb8 30. Bd5 Rf8 31. Qe7 Nac7 32. Bg2 f5 33. Rd8 Rf7 34.
Qxe8+ Nxe8 35. Rxb8 Rf8 36. Re1 Nd6 37. Rxf8+ Bxf8 38. Nc6 a6 39. Nc5 Nc4 40.
Re8 Kg7 41. Ne6+ Kf7 42. Rxf8+ Kxe6 43. Ra8 Nxb2 44. Rxa6 Kf7 45. Rb6 Na4 46.
Rb7+ Kg8 47. a6 Nxc3 48. a7 b4 49. a8=R# 1-0

[Event "DEM U10 2012"]
[Site "Oberhof GER"]
[Date "2012.05.30"]
[Round "6"]
[White "Keymer, Vincent"]
[Black "Wierzbicki, Jirawat"]
[Result "1/2-1/2"]
[Termination "normal"]
[Board "2"]
[WhiteElo "1721"]
[BlackElo "1541"]
[PlyCount "148"]
[WhiteFideId "12940690"]
[BlackFideId "1153579"]
[EventCountry "GER"]
[EventRounds "11"]
[EventType "swiss"]
[EventDate "2012.05.26"]

1. e4 e5 2. f4 exf4 3. Nf3 Be7 4. Bc4 Nf6 5. d3 d6 6. Bxf4 Nc6 7. a3 Bd7 8. Nc3
O-O 9. O-O Qc8 10. d4 Nh5 11. Be3 Na5 12. Ba2 Nf6 13. Nd5 Nxd5 14. Bxd5 Bc6 15.
Bxc6 Nxc6 16. d5 Ne5 17. Nxe5 dxe5 18. Qd3 Qd7 19. c4 c6 20. d6 Qxd6 21. Qc2 b6
22. b4 Qc7 23. c5 b5 24. Rf3 a5 25. Raf1 f6 26. Bd2 axb4 27. axb4 Qa7 28. Qb3+
Kh8 29. Qe6 Qc7 30. Rh3 g6 31. Qg4 Rg8 32. Qh4 Rg7 33. Bh6 Rf7 34. Qg3 Qd7 35.
Be3 Rd8 36. Kh1 Rg8 37. Qf3 Qd3 38. Rd1 Qc4 39. Bd2 Rd8 40. Rc1 Qd4 41. Bc3 Qc4
42. Bd2 Qe6 43. Bc3 Rdf8 44. Qe2 Ra8 45. Ra1 Rxa1+ 46. Bxa1 Rf8 47. Ra3 Rd8 48.
h3 Qd7 49. Kh2 Qe6 50. Bc3 Qg8 51. Ra7 Qe6 52. Ra3 Bf8 53. Bd2 Bg7 54. Be3 f5
55. Bg5 Rf8 56. exf5 Qxf5 57. Be3 Qf7 58. Ra6 Qc7 59. Kh1 Qb7 60. Ra2 Ra8 61.
Rd2 Ra1+ 62. Rd1 Rxd1+ 63. Qxd1 Qc7 64. Bg5 Kg8 65. Qd6 Qc8 66. Bh4 Qe8 67. Be7
Kh8 68. Kg1 Qa8 69. Bf6 Qe8 70. Be7 Qa8 71. Bf6 Qe8 72. Be7 Qc8 73. Bf6 Qe8 74.
Be7 Qa8 1/2-1/2

[Event "DEM U10 2012"]
[Site "Oberhof GER"]
[Date "2012.05.30"]
[Round "6"]
[White "Tong, Kevin"]
[Black "Biastoch, Bennet"]
[Result "1-0"]
[Termination "normal"]
[Board "3"]
[WhiteElo "1612"]
[BlackElo "1488"]
[PlyCount "77"]
[WhiteFideId "12913944"]
[BlackFideId "12939889"]
[EventCountry "GER"]
[EventRounds "11"]
[EventType "swiss"]
[EventDate "2012.05.26"]

1. e4 c5 2. Nf3 d6 3. d4 cxd4 4. Nxd4 Nf6 5. Nc3 a6 6. Bg5 e6 7. f4 Be7 8. Qf3
Qc7 9. O-O-O Nbd7 10. g4 b5 11. Bxf6 Nxf6 12. g5 Nd7 13. f5 Ne5 14. Qg3 b4 15.
Nce2 Nc6 16. Bg2 e5 17. Nxc6 Qxc6 18. Rhf1 Rg8 19. g6 hxg6 20. fxg6 f6 21. Qb3
Rf8 22. Qxb4 Bg4 23. Rd2 Bh5 24. Nc3 Bxg6 25. Nd5 Bf7 26. Rd3 Bxd5 27. exd5 Qb5
28. Qg4 g5 29. Rb3 Qd7 30. Qh5+ Kd8 31. Qf3 Qa4 32. Qd3 a5 33. Bh3 Qe8 34. Qc3
Qa4 35. Rb7 Rf7 36. Qc7+ Ke8 37. Bd7+ Qxd7 38. Qxd7+ Kf8 39. Rxf6 1-0

[Event "DEM U10 2012"]
[Site "Oberhof GER"]
[Date "2012.05.30"]
[Round "6"]
[White "Mantel, Ruben"]
[Black "Engel, Luis"]
[Result "1-0"]
[Termination "normal"]
[Board "4"]
[WhiteElo "1539"]
[BlackElo "1463"]
[PlyCount "65"]
[WhiteFideId "12930121"]
[BlackFideId "12961523"]
[EventCountry "GER"]
[EventRounds "11"]
[EventType "swiss"]
[EventDate "2012.05.26"]

1. e4 c5 2. Nf3 d6 3. d4 cxd4 4. Nxd4 Nf6 5. Nc3 a6 6. f3 e5 7. Nb3 Be6 8. Be3
Be7 9. Bd3 O-O 10. Qd2 Nbd7 11. g4 b5 12. h4 Nb6 13. Bxb6 Qxb6 14. h5 h6 15. g5
hxg5 16. Qxg5 Bxb3 17. axb3 Nxe4 18. Qg2 Qe3+ 19. Ne2 Ng5 20. Be4 Nxe4 21. fxe4
Bg5 22. Rd1 Be7 23. Rd3 Qh6 24. Rg3 Rac8 25. Kd1 Bf6 26. Nc3 Rfe8 27. Nd5 Re6
28. Ne3 Kh8 29. Nf5 Qh7 30. Rg6 Kg8 31. Rh6 Qxh6 32. Nxh6+ Kf8 33. Nf5 1-0

[Event "DEM U10 2012"]
[Site "Oberhof GER"]
[Date "2012.05.30"]
[Round "6"]
[White "Graf, Justus Felix"]
[Black "ter Stal, Sven"]
[Result "1-0"]
[Termination "normal"]
[Board "6"]
[WhiteElo "1507"]
[BlackElo "1498"]
[PlyCount "73"]
[WhiteFideId "12929212"]
[BlackFideId "12946443"]
[EventCountry "GER"]
[EventRounds "11"]
[EventType "swiss"]
[EventDate "2012.05.26"]

1. e4 c5 2. Nf3 g6 3. d4 Bg7 4. Nc3 cxd4 5. Nxd4 Nc6 6. Nb3 Nf6 7. Be2 O-O 8.
O-O d6 9. Bg5 h6 10. Bh4 Bd7 11. f4 a6 12. Bf3 Qc7 13. Nd5 Qd8 14. Nxf6+ exf6
15. Qxd6 g5 16. Bg3 Qe8 17. Rad1 Rd8 18. Qd3 Qe7 19. c3 Be6 20. Qc2 Rc8 21.
fxg5 fxg5 22. Bd6 Qe8 23. Bxf8 Qxf8 24. Qe2 Ne5 25. Qf2 Bc4 26. Be2 Be6 27. Qb6
Qe7 28. Ra1 Rc6 29. Qf2 b5 30. Nd4 Rc7 31. Nxe6 Qxe6 32. Qf5 Qc6 33. Rad1 Qa8
34. Rd5 Ng6 35. Rfd1 Qe8 36. Rd8 Bd4+ 37. R1xd4 1-0

[Event "DEM U10 2012"]
[Site "Oberhof GER"]
[Date "2012.05.30"]
[Round "6"]
[White "Schilay, Lorenz"]
[Black "Niemann, Alexander"]
[Result "1-0"]
[Termination "normal"]
[Board "7"]
[WhiteElo "1494"]
[BlackElo "1403"]
[PlyCount "89"]
[WhiteFideId "12930180"]
[BlackFideId "12939862"]
[EventCountry "GER"]
[EventRounds "11"]
[EventType "swiss"]
[EventDate "2012.05.26"]

1. e4 c5 2. Nc3 Nc6 3. f4 g6 4. Nf3 Bg7 5. Bc4 e6 6. O-O Nge7 7. d3 O-O 8. Qe1
d5 9. Bb3 Nd4 10. Nxd4 cxd4 11. Nb1 dxe4 12. Qxe4 Nf5 13. Na3 Ne3 14. Bxe3 dxe3
15. c3 e2 16. Qxe2 b6 17. Nc4 Bb7 18. Ne5 Bxe5 19. fxe5 Qg5 20. d4 a5 21. a4 h5
22. Qf2 Kh7 23. Rae1 Rac8 24. Re3 Qe7 25. Qf6 Qd7 26. Rf4 b5 27. Rh3 Qc6 28.
Qg5 Kg8 29. Rfh4 Kg7 30. axb5 Qxg2+ 31. Qxg2 Bxg2 32. Kxg2 Rb8 33. Ba4 Rfc8 34.
Rf3 Rc4 35. b3 Rc7 36. Rhf4 Rbc8 37. c4 Rb8 38. c5 g5 39. Rf6 g4 40. Rc3 Rd8
41. Rc4 Rcd7 42. Rf4 Kg6 43. c6 Rc7 44. b6 Rcc8 45. c7 1-0

[Event "DEM U10 2012"]
[Site "Oberhof GER"]
[Date "2012.05.30"]
[Round "6"]
[White "Schneider, Jana"]
[Black "Liebeck, Eddie"]
[Result "1-0"]
[Termination "normal"]
[Board "8"]
[WhiteElo "1462"]
[BlackElo "1273"]
[PlyCount "85"]
[WhiteFideId "12924997"]
[BlackFideId "12945854"]
[EventCountry "GER"]
[EventRounds "11"]
[EventType "swiss"]
[EventDate "2012.05.26"]

1. e4 e5 2. Nf3 Nc6 3. Bc4 Bc5 4. c3 Nf6 5. d3 d6 6. Nbd2 O-O 7. Bb3 Bg4 8. h3
Bh5 9. g4 Bg6 10. Rg1 Ne7 11. h4 h6 12. h5 Bh7 13. g5 hxg5 14. Nxg5 Nc6 15.
Nxh7 Kxh7 16. Nf3 Ne8 17. Ng5+ Kg8 18. h6 Qf6 19. Qe2 Qxh6 20. Qf1 Qf6 21. Rh1
a5 22. Rh8+ Kxh8 23. Qh3+ Qh6 24. Nxf7+ Rxf7 25. Bxh6 Bxf2+ 26. Ke2 gxh6 27.
Qxh6+ Kg8 28. Qg6+ Ng7 29. Bxf7+ Kf8 30. Qf6 Bh4 31. Qxh4 Kxf7 32. Rf1+ Kg8 33.
Qg5 Rf8 34. Rh1 Kf7 35. Rh7 Rg8 36. Rh6 Ne8 37. Qf5+ Ke7 38. Qe6+ Kf8 39. Rh2
Nd8 40. Rf2+ Kg7 41. Rg2+ Kh7 42. Qxg8+ Kh6 43. Qg6# 1-0

[Event "DEM U10 2012"]
[Site "Oberhof GER"]
[Date "2012.05.30"]
[Round "6"]
[White "Rose, Luis Stratos"]
[Black "Staufenberger, Philipp"]
[Result "1-0"]
[Termination "normal"]
[Board "9"]
[WhiteElo "1372"]
[BlackElo "1234"]
[PlyCount "117"]
[WhiteFideId "12976008"]
[BlackFideId "12970883"]
[EventCountry "GER"]
[EventRounds "11"]
[EventType "swiss"]
[EventDate "2012.05.26"]

1. d4 d5 2. c4 c6 3. cxd5 cxd5 4. Nf3 Nc6 5. Nc3 Nf6 6. Bg5 Ne4 7. Bh4 Bf5 8.
e3 Qa5 9. Qb3 Qb4 10. Bb5 e6 11. Qxb4 Bxb4 12. Rc1 O-O 13. O-O Na5 14. Nxe4
Bxe4 15. a3 Nb3 16. axb4 Bxf3 17. gxf3 Nd2 18. Be7 Rfc8 19. Rfd1 Nxf3+ 20. Kg2
Rxc1 21. Rxc1 Nd2 22. Bd7 Nc4 23. b3 Nb6 24. Ba4 h6 25. Bh4 a5 26. bxa5 Rxa5
27. Bd8 Ra6 28. Bb5 Ra5 29. Rc5 Rxb5 30. Rxb5 Nc8 31. Rxb7 Nd6 32. Rb8 Kh7 33.
b4 Kg6 34. Bc7 Nc4 35. b5 Kf5 36. b6 Nxb6 37. Rxb6 h5 38. Bf4 g5 39. Be5 f6 40.
Bb8 e5 41. dxe5 fxe5 42. Rd6 Ke4 43. Re6 h4 44. Rxe5+ Kd3 45. Rxd5+ Ke4 46.
Rxg5 h3+ 47. Kg3 Kd3 48. Kf3 Kc4 49. Ke4 Kc3 50. Rd5 Kc4 51. Be5 Kb4 52. Kd4
Kb3 53. Rc5 Kb4 54. Bg3 Kb3 55. Rc4 Kb2 56. Rc3 Kb1 57. Kd3 Ka2 58. Kc2 Ka1 59.
Ra3# 1-0

[Event "DEM U10 2012"]
[Site "Oberhof GER"]
[Date "2012.05.30"]
[Round "6"]
[White "Renger, Niklas"]
[Black "Fesselier, Chelsea"]
[Result "1-0"]
[Termination "normal"]
[Board "10"]
[WhiteElo "1622"]
[BlackElo "1228"]
[PlyCount "101"]
[WhiteFideId "12908096"]
[BlackFideId "26024624"]
[EventCountry "GER"]
[EventRounds "11"]
[EventType "swiss"]
[EventDate "2012.05.26"]

1. e4 c5 2. Nf3 a6 3. d4 cxd4 4. Nxd4 Nf6 5. Bd3 e5 6. Nb3 d6 7. O-O Be7 8. Nc3
O-O 9. Bd2 Nc6 10. Qe2 Be6 11. Rae1 Rc8 12. h3 Qd7 13. f4 Bxb3 14. axb3 Nd4 15.
Qd1 Rfd8 16. Kh1 Qc6 17. Bc4 Qc7 18. Be3 Nc6 19. Nd5 Nxd5 20. Bxd5 Bf6 21. fxe5
dxe5 22. Qg4 Qe7 23. c3 Nb8 24. Rf2 Qd7 25. Qg3 Kh8 26. Bg5 Qe7 27. Bxf6 gxf6
28. Ref1 Rd6 29. Qh4 Nd7 30. Bxb7 Rg8 31. Bd5 Rg6 32. Rf5 Qf8 33. Rh5 Qg7 34.
c4 Rxg2 35. Rxh7+ Qxh7 36. Qxh7+ Kxh7 37. Kxg2 Kg7 38. Ra1 Rb6 39. b4 Rxb4 40.
Rxa6 Rxb2+ 41. Kg3 Rb3+ 42. Kg4 Rb8 43. Ra7 Rd8 44. Rc7 Kg6 45. c5 Nxc5 46.
Rxc5 Rd7 47. h4 Re7 48. h5+ Kg7 49. Kf5 Kh7 50. Kxf6 Rb7 51. Bxb7 1-0

[Event "DEM U10 2012"]
[Site "Oberhof GER"]
[Date "2012.05.30"]
[Round "6"]
[White "Hofele, Mathis"]
[Black "Yankelevich, Michael"]
[Result "1/2-1/2"]
[Termination "normal"]
[Board "11"]
[WhiteElo "1273"]
[BlackElo "1718"]
[PlyCount "57"]
[WhiteFideId "12963844"]
[BlackFideId "12921440"]
[EventCountry "GER"]
[EventRounds "11"]
[EventType "swiss"]
[EventDate "2012.05.26"]

1. e4 d5 2. exd5 Qxd5 3. Nc3 Qe5+ 4. Be2 c6 5. Nf3 Qc7 6. d4 Bf5 7. O-O e6 8.
Bd3 Bxd3 9. Qxd3 Nf6 10. Re1 Bd6 11. h3 Nbd7 12. Bd2 O-O-O 13. Rab1 Nb6 14. Ne4
Nxe4 15. Rxe4 Rhe8 16. Ree1 c5 17. c3 Kb8 18. Rbc1 Bf4 19. Bxf4 Qxf4 20. Qb5
cxd4 21. cxd4 Rc8 22. Rxc8+ Rxc8 23. Re3 Nd5 24. Re1 Nb6 25. a4 Rc1 26. Rxc1
Qxc1+ 27. Kh2 Qc7+ 28. Kh1 Qd7 29. Qe5+ 1/2-1/2

[Event "DEM U10 2012"]
[Site "Oberhof GER"]
[Date "2012.05.30"]
[Round "6"]
[White "Pajeken, Jakob Leon"]
[Black "Pfreundt, Mathis"]
[Result "1-0"]
[Termination "normal"]
[Board "12"]
[WhiteElo "1385"]
[BlackElo "1035"]
[PlyCount "49"]
[WhiteFideId "12942839"]
[BlackFideId "12967092"]
[EventCountry "GER"]
[EventRounds "11"]
[EventType "swiss"]
[EventDate "2012.05.26"]

1. e4 c5 2. Nc3 Nc6 3. Bb5 g6 4. Bxc6 bxc6 5. d3 Bg7 6. f4 Nf6 7. Nf3 O-O 8.
O-O d6 9. Qe1 Qd7 10. h3 Rb8 11. f5 e6 12. Qh4 Qd8 13. Bh6 Nd7 14. Ng5 Bf6 15.
e5 dxe5 16. Nce4 Re8 17. fxg6 fxg6 18. Nxf6+ Nxf6 19. Qf2 Rxb2 20. Qxf6 Qxf6
21. Rxf6 Rxc2 22. Rf7 Kh8 23. Rxh7+ Kg8 24. Rg7+ Kh8 25. Nf7# 1-0

[Event "DEM U10 2012"]
[Site "Oberhof GER"]
[Date "2012.05.30"]
[Round "6"]
[White "Suvorov, Luca"]
[Black "Shen, Julian"]
[Result "1-0"]
[Termination "normal"]
[Board "13"]
[WhiteElo "1255"]
[BlackElo "1383"]
[PlyCount "87"]
[WhiteFideId "12977071"]
[BlackFideId "12942898"]
[EventCountry "GER"]
[EventRounds "11"]
[EventType "swiss"]
[EventDate "2012.05.26"]

1. d4 d5 2. Nf3 Nf6 3. c4 e6 4. Nc3 Be7 5. Bg5 Nbd7 6. e3 h6 7. Bh4 a6 8. cxd5
exd5 9. Bd3 c6 10. O-O O-O 11. Rb1 Re8 12. b4 b5 13. a4 Nb6 14. Ne5 Bb7 15. f4
Nc4 16. Bxc4 dxc4 17. Qf3 Nd5 18. Bxe7 Rxe7 19. Nxd5 Qxd5 20. Qxd5 cxd5 21.
axb5 axb5 22. Kf2 Ra3 23. Ra1 Rb3 24. Rfb1 Rxb1 25. Rxb1 Re8 26. Ra1 Ra8 27.
Ra5 Rxa5 28. bxa5 b4 29. Ke2 c3 30. Kd3 Ba6+ 31. Kc2 Bb5 32. Nd3 Ba4+ 33. Kc1
b3 34. Nc5 b2+ 35. Kb1 Bc6 36. a6 Kh7 37. a7 g6 38. Na6 Bd7 39. Nb4 Bf5+ 40.
Nc2 Bxc2+ 41. Kxc2 b1=Q+ 42. Kxb1 c2+ 43. Kxc2 f5 44. a8=Q 1-0

[Event "DEM U10 2012"]
[Site "Oberhof GER"]
[Date "2012.05.30"]
[Round "6"]
[White "Baltic, Fatih"]
[Black "Arnold, Leander"]
[Result "1-0"]
[Termination "normal"]
[Board "14"]
[WhiteElo "1379"]
[BlackElo "1221"]
[PlyCount "151"]
[WhiteFideId "12979090"]
[BlackFideId "12990230"]
[EventCountry "GER"]
[EventRounds "11"]
[EventType "swiss"]
[EventDate "2012.05.26"]

1. e4 e6 2. d4 d5 3. Nd2 c5 4. c3 Nc6 5. Ngf3 Qb6 6. exd5 exd5 7. Nb3 Nf6 8.
Be2 Bf5 9. a3 Be7 10. O-O O-O 11. dxc5 Bxc5 12. Nxc5 Qxc5 13. Be3 Qd6 14. Nd4
Bd7 15. Qd2 Ne4 16. Qd1 Qg6 17. Nf3 Be6 18. Rc1 Rad8 19. Nd4 Nxd4 20. Bxd4 Bh3
21. Bf3 Bf5 22. Re1 Nf6 23. Re3 b6 24. Qd2 Rfe8 25. Rxe8+ Rxe8 26. Bxf6 Qxf6
27. Qxd5 Qe7 28. Qd2 Rd8 29. Qf4 Qd7 30. h3 Qc8 31. Re1 h6 32. Re7 a6 33. g4
Be6 34. Rb7 Qc5 35. Rc7 Qb5 36. Qb4 Qd3 37. Qe7 Bc4 38. Qe3 Qf1+ 39. Kh2 Bb5
40. Bg2 Qb1 41. Qe7 Rf8 42. Bd5 Be8 43. Qe2 Qc1 44. Kg2 Bb5 45. Bc4 Qf4 46.
Bxb5 Qxc7 47. Bxa6 Qc6+ 48. Qf3 Qa4 49. Qe2 Re8 50. Qd3 Qc6+ 51. f3 Qc7 52. Bb5
Rd8 53. Qe3 Rd5 54. Qe8+ Kh7 55. Qe4+ Kh8 56. Qxd5 Qf4 57. Qe4 Qd2+ 58. Qe2 Qf4
59. Qe8+ Kh7 60. Qe4+ Qxe4 61. fxe4 Kg6 62. Kf3 Kg5 63. Kg3 f6 64. Be8 f5 65.
gxf5 Kf6 66. Bg6 b5 67. c4 bxc4 68. a4 Ke7 69. a5 Kd7 70. a6 Kc7 71. e5 Kb6 72.
e6 Kxa6 73. e7 Kb6 74. e8=Q Kc5 75. Qc8+ Kd5 76. Bf7+ 1-0

[Event "DEM U10 2012"]
[Site "Oberhof GER"]
[Date "2012.05.30"]
[Round "6"]
[White "Roth, Jakob"]
[Black "Mönster, Madita"]
[Result "0-1"]
[Termination "normal"]
[Board "16"]
[WhiteElo "1367"]
[BlackElo "1025"]
[PlyCount "48"]
[WhiteFideId "12952605"]
[BlackFideId "12947156"]
[EventCountry "GER"]
[EventRounds "11"]
[EventType "swiss"]
[EventDate "2012.05.26"]

1. d4 Nf6 2. c4 e6 3. Nc3 Bb4 4. Nf3 d5 5. Bg5 Nbd7 6. e3 h6 7. Bh4 c5 8. a3
Bxc3+ 9. bxc3 O-O 10. Bd3 Qa5 11. Qd2 dxc4 12. Bc2 Nd5 13. e4 Qxc3 14. Qxc3
Nxc3 15. dxc5 Re8 16. Kd2 Nb5 17. a4 Nc7 18. Kc3 Nxc5 19. Kxc4 b6 20. Bg3 N7a6
21. Rhd1 Bb7 22. Nd2 Red8 23. f3 Rac8 24. Bf4 Nd3+ 0-1

[Event "DEM U10 2012"]
[Site "Oberhof GER"]
[Date "2012.05.30"]
[Round "6"]
[White "Stork, Oliver"]
[Black "Roseneck, Jonas"]
[Result "0-1"]
[Termination "normal"]
[Board "17"]
[WhiteElo "1216"]
[BlackElo "1342"]
[PlyCount "146"]
[WhiteFideId "12955728"]
[BlackFideId "12939870"]
[EventCountry "GER"]
[EventRounds "11"]
[EventType "swiss"]
[EventDate "2012.05.26"]

1. e4 c5 2. Nf3 d6 3. d4 cxd4 4. Nxd4 Nf6 5. Nc3 a6 6. Be3 e6 7. Qd2 b5 8. f3
Bb7 9. O-O-O Nbd7 10. g4 Nb6 11. g5 Nfd7 12. h4 Ne5 13. f4 Nec4 14. Qf2 b4 15.
Nb1 Bxe4 16. Rg1 Nxe3 17. Qxe3 d5 18. Nd2 Bg6 19. Be2 h5 20. f5 Bh7 21. fxe6
fxe6 22. Bxh5+ Kd7 23. Qxe6+ Kc7 24. Qc6+ Kb8 25. Ne6 Qd6 26. Qxd6+ Bxd6 27. g6
Bg8 28. Bg4 Rxh4 29. Nxg7 Be5 30. Nf3 Bf4+ 31. Kb1 Rh6 32. Be6 Kb7 33. Rg4 Bc7
34. b3 a5 35. Rdg1 a4 36. Rh4 Rxh4 37. Nxh4 axb3 38. axb3 Be5 39. c3 Bxg7 40.
Bxg8 Rxg8 41. Rf1 Bxc3 42. Rf7+ Kc6 43. Nf5 Kb5 44. Ne7 Rg7 45. Rxg7 Bxg7 46.
Nf5 Bf6 47. g7 Bxg7 48. Nxg7 Kc5 49. Kc2 Kd4 50. Nf5+ Ke5 51. Ne7 Kd6 52. Nf5+
Kc5 53. Kd3 Nd7 54. Ng3 Ne5+ 55. Ke3 Ng4+ 56. Kd3 Nf2+ 57. Ke3 Nd1+ 58. Kd3 Nc3
59. Nf1 Nd1 60. Kd2 Nf2 61. Ke3 Ne4 62. Kd3 Nc3 63. Ne3 Na2 64. Nc2 Nc1+ 65.
Ke3 Nxb3 66. Kd3 Nc1+ 67. Kd2 b3 68. Kxc1 bxc2 69. Kxc2 Kc4 70. Kd2 Kd4 71. Kc2
Ke3 72. Kd1 Kd3 73. Ke1 Kc2 0-1

[Event "DEM U10 2012"]
[Site "Oberhof GER"]
[Date "2012.05.30"]
[Round "6"]
[White "Stirnberg, Noah"]
[Black "Vaintroub, Maximilian"]
[Result "0-1"]
[Termination "normal"]
[Board "19"]
[WhiteElo "1145"]
[BlackElo "1302"]
[PlyCount "126"]
[WhiteFideId "16207742"]
[BlackFideId "12942510"]
[EventCountry "GER"]
[EventRounds "11"]
[EventType "swiss"]
[EventDate "2012.05.26"]

1. d4 Nf6 2. Nf3 d5 3. Bf4 Bf5 4. e3 e6 5. Bd3 Bd6 6. Bxf5 exf5 7. Bxd6 Qxd6 8.
c3 Nbd7 9. Nbd2 O-O 10. h3 Rfe8 11. O-O f4 12. Re1 fxe3 13. fxe3 Qa6 14. Qe2
Qxe2 15. Rxe2 Re7 16. Rae1 Rae8 17. Kf2 Nb6 18. b3 Nbd7 19. b4 Ne4+ 20. Nxe4
Rxe4 21. Nd2 R4e6 22. Nf3 Nf6 23. Nd2 Ne4+ 24. Nxe4 Rxe4 25. a3 f5 26. g3 h5
27. Rh1 g5 28. h4 gxh4 29. Rxh4 Rxh4 30. gxh4 Re4 31. Kg3 f4+ 32. Kf3 fxe3 33.
Rxe3 Rxh4 34. Kg2 Re4 35. Rh3 h4 36. Kf2 Kg7 37. Kf3 Kg6 38. Rh1 Kf5 39. Rh2
Rg4 40. Rh1 Rg3+ 41. Ke2 Kg4 42. Kf2 Rxc3 43. Rg1+ Rg3 44. a4 Rxg1 45. Kxg1 Kf4
46. Kh2 Ke4 47. Kh3 Kxd4 48. Kxh4 Ke3 49. Kg5 d4 50. Kf6 d3 51. Ke7 d2 52. Kd7
d1=Q+ 53. Kxc7 Qxa4 54. Kxb7 Qxb4+ 55. Kc6 Qd4 56. Kc7 Qf6 57. Kb7 Qd6 58. Ka8
Qd7 59. Kb8 a5 60. Ka8 Kd4 61. Kb8 Kc5 62. Ka8 Kb6 63. Kb8 Qb7# 0-1

[Event "DEM U10 2012"]
[Site "Oberhof GER"]
[Date "2012.05.30"]
[Round "6"]
[White "Meyling, Lennart"]
[Black "Dobrikov, Marco"]
[Result "0-1"]
[Termination "normal"]
[Board "20"]
[WhiteElo "1572"]
[BlackElo "1217"]
[PlyCount "104"]
[WhiteFideId "12947130"]
[BlackFideId "12950378"]
[EventCountry "GER"]
[EventRounds "11"]
[EventType "swiss"]
[EventDate "2012.05.26"]

1. c4 e5 2. g3 d6 3. Bg2 f5 4. Nf3 Nf6 5. O-O Be7 6. d4 e4 7. Nfd2 O-O 8. Nc3
c6 9. b3 d5 10. Bb2 Re8 11. e3 Na6 12. a3 Nc7 13. f3 Rb8 14. fxe4 dxe4 15. Bh3
g6 16. Ne2 b5 17. Nf4 bxc4 18. Nxc4 Ncd5 19. Ne5 Bd7 20. Nxd7 Qxd7 21. Re1 Nxf4
22. gxf4 Qb7 23. b4 a5 24. Kh1 axb4 25. axb4 Bxb4 26. Rg1 Kf7 27. Rb1 Bd6 28.
Ba3 Qxb1 29. Bxd6 Qxd1 30. Rxd1 Rb3 31. Re1 Nd5 32. Ra1 Nxe3 33. Be5 Nc4 34.
Ra7+ Re7 35. Ra6 Rxh3 36. Rxc6 Nxe5 37. dxe5 Rf3 38. Rf6+ Kg7 39. Kg2 Rxf4 40.
Kg3 Rxe5 41. Ra6 Rg4+ 42. Kf2 e3+ 43. Ke1 e2 44. Ra7+ Kh6 45. Rxh7+ Kxh7 46. h4
Rg1+ 47. Kd2 e1=Q+ 48. Kd3 Qe4+ 49. Kc3 Rc5+ 50. Kb3 Rb1+ 51. Ka2 Qc2+ 52. Ka3
Qb3# 0-1

[Event "DEM U10 2012"]
[Site "Oberhof GER"]
[Date "2012.05.30"]
[Round "6"]
[White "Faal, Marcel"]
[Black "Preißler, Niklas"]
[Result "1-0"]
[Termination "normal"]
[Board "22"]
[WhiteElo "1169"]
[BlackElo "1393"]
[PlyCount "149"]
[WhiteFideId "1271978"]
[BlackFideId "12927554"]
[EventCountry "GER"]
[EventRounds "11"]
[EventType "swiss"]
[EventDate "2012.05.26"]

1. e4 c5 2. Nf3 d6 3. d4 cxd4 4. Nxd4 Nf6 5. Nc3 a6 6. Be3 e6 7. f3 Be7 8. Qd2
b5 9. a3 Bb7 10. O-O-O Qc7 11. g4 Nc6 12. Nb3 Ne5 13. Nd4 Nc4 14. Bxc4 Qxc4 15.
h4 Rc8 16. Qd3 Qc7 17. h5 Nd7 18. g5 Ne5 19. Qe2 Nc4 20. g6 Nxe3 21. gxf7+ Kxf7
22. Qxe3 Bf6 23. f4 Rhf8 24. Rhf1 Ke7 25. Qh3 Bxd4 26. Rxd4 Qc5 27. Qh4+ Kd7
28. Rfd1 Rc6 29. e5 d5 30. Qg4 Ke8 31. Qxg7 Qe7 32. Qxe7+ Kxe7 33. h6 Rg8 34.
Rh1 Rcc8 35. Rh2 Rg4 36. Rh5 Rcg8 37. Rh1 Rg2 38. Rd2 Rxd2 39. Kxd2 d4 40. Rh3
dxc3+ 41. Rxc3 Rd8+ 42. Ke2 Rd7 43. Rg3 Be4 44. c3 Bg6 45. Kf2 Rd2+ 46. Ke1
Rxb2 47. Kf1 Rb3 48. Rxg6 Rxc3 49. Rg7+ Kf8 50. Rxh7 Rxa3 51. Kg2 Kg8 52. Re7
b4 53. Rxe6 b3 54. Rb6 Ra2+ 55. Kf3 Rh2 56. e6 Kf8 57. Rb8+ Ke7 58. h7 b2 59.
Rxb2 Rxh7 60. Rb7+ Kxe6 61. Rxh7 a5 62. Ra7 a4 63. Rxa4 Kf6 64. Ra5 Ke6 65. f5+
Kf6 66. Kg4 Ke7 67. Ra6 Kf7 68. Kg5 Kg7 69. Ra7+ Kf8 70. Kf6 Kg8 71. Kg6 Kf8
72. f6 Ke8 73. Kg7 Kd8 74. f7 Kc8 75. f8=R# 1-0

[Event "DEM U10 2012"]
[Site "Oberhof GER"]
[Date "2012.05.30"]
[Round "6"]
[White "Kück, Artur"]
[Black "Fischer, Elias"]
[Result "1-0"]
[Termination "normal"]
[Board "23"]
[WhiteElo "1212"]
[BlackElo "1377"]
[PlyCount "133"]
[WhiteFideId "12965120"]
[BlackFideId "12963305"]
[EventCountry "GER"]
[EventRounds "11"]
[EventType "swiss"]
[EventDate "2012.05.26"]

1. f4 d5 2. Nf3 Nc6 3. e3 Bf5 4. b3 e6 5. Bb2 Nf6 6. Bb5 g6 7. Ne5 Bg4 8. Nxg4
Bg7 9. Ne5 Qd6 10. Ba3 Qd8 11. Nxc6 bxc6 12. Bxc6+ Nd7 13. Bxd7+ Qxd7 14. d4
Rc8 15. Bc5 Qb5 16. Nc3 Qa5 17. Qd3 f5 18. Qb5+ Qxb5 19. Nxb5 a6 20. Na7 Ra8
21. Nc6 h6 22. Ne7 g5 23. Ng6 Rh7 24. O-O Kf7 25. Ne5+ Bxe5 26. fxe5 h5 27. g3
g4 28. c4 c6 29. cxd5 cxd5 30. Bd6 Rah8 31. Rac1 Kg6 32. Rc7 Rxc7 33. Bxc7 Rc8
34. Bd6 Rc2 35. Rf2 Rc3 36. Re2 Rc1+ 37. Kg2 Kg5 38. Be7+ Kg6 39. Bf6 Kf7 40.
h4 Kg6 41. Bg5 Kf7 42. e4 Rd1 43. exd5 Rxd4 44. dxe6+ Kxe6 45. Bf4 Rd5 46. Rc2
Ra5 47. a4 Kd5 48. Bd2 Rc5 49. Rxc5+ Kxc5 50. b4+ Kc6 51. b5+ axb5 52. axb5+
Kxb5 53. Bf4 Kc6 54. Kf2 Kd5 55. Ke3 Ke6 56. Kd4 Kd7 57. Kc5 Ke7 58. Kd5 Kd7
59. e6+ Ke7 60. Ke5 Ke8 61. Kxf5 Ke7 62. Kg5 Kxe6 63. Kxh5 Kf7 64. Be5 Kg8 65.
Kg6 Kf8 66. h5 Kg8 67. h6 1-0

[Event "DEM U10 2012"]
[Site "Oberhof GER"]
[Date "2012.05.30"]
[Round "6"]
[White "Kopylov, Daniel"]
[Black "Haag, Lea"]
[Result "1-0"]
[Termination "normal"]
[Board "24"]
[WhiteElo "1623"]
[BlackElo "1011"]
[PlyCount "115"]
[WhiteFideId "12921971"]
[EventCountry "GER"]
[EventRounds "11"]
[EventType "swiss"]
[EventDate "2012.05.26"]

1. d4 d5 2. c4 c6 3. Nc3 e6 4. Nf3 Nf6 5. Bg5 Be7 6. e3 Nbd7 7. Bd3 O-O 8. O-O
dxc4 9. Bxc4 b5 10. Bd3 Nd5 11. Bxe7 Qxe7 12. Nxd5 exd5 13. Qc2 Qf6 14. Bxh7+
Kh8 15. Bd3 Re8 16. Rac1 Bb7 17. Nd2 a5 18. Bf5 Rad8 19. Bxd7 Rxd7 20. Nb3 Rc8
21. Nxa5 Ba8 22. Nb3 Qd6 23. Qc5 Qxc5 24. Rxc5 Ra7 25. a3 Re8 26. h3 g6 27. Nc1
Kg7 28. Nd3 f6 29. Nb4 Rc8 30. Rfc1 Rac7 31. Nxd5 Rb7 32. Rxc6 Rf7 33. Rxc8
Bxd5 34. R1c7 g5 35. Rxf7+ Kxf7 36. f3 Ke7 37. e4 Bc4 38. Rxc4 bxc4 39. Kf2 Kd6
40. Ke3 Ke6 41. Kd2 Kd6 42. Kc3 Kc6 43. Kxc4 Kc7 44. Kc5 Kc8 45. b4 Kc7 46. b5
Kb7 47. a4 Kc7 48. a5 Kb7 49. a6+ Ka7 50. Kc6 Kb8 51. b6 Kc8 52. b7+ Kd8 53.
b8=Q+ Ke7 54. Qc7+ Ke8 55. Kd6 Kf8 56. Ke6 Kg8 57. Kxf6 Kh8 58. Qg7# 1-0